Liberalization and India's bureaucracy (Record no. 52647)

000 -LEADER
fixed length control field 01040pab a2200181 454500
008 - FIXED-LENGTH DATA ELEMENTS--GENERAL INFORMATION
fixed length control field 180718b2001 xxu||||| |||| 00| 0 eng d
100 ## - MAIN ENTRY--PERSONAL NAME
Personal name Deshmukh, B.G.
245 ## - TITLE STATEMENT
Title Liberalization and India's bureaucracy
260 ## - PUBLICATION, DISTRIBUTION, ETC.
Date of publication, distribution, etc. 2001
300 ## - PHYSICAL DESCRIPTION
Extent p.12-14.
362 ## - DATES OF PUBLICATION AND/OR SEQUENTIAL DESIGNATION
Dates of publication and/or sequential designation Jul
520 ## - SUMMARY, ETC.
Summary, etc. In this paper Shri B.G. Deshmukh argues that liberalization in the economic field has to be accompanied by a more decentralized political structure. He also argues for a change in the labour laws and for greater emphasis on growth and development of infrastructure. He says that while bureaucrats are often charged with holding up the process of liberalization, the fact was that many industrialists were vehemently opposed to any competition from domestic or foreign sources. He also wanted a complete review of the audit system which made the bureaucracy stick to `routine' and `precedent'. - Reproduced.
650 ## - SUBJECT ADDED ENTRY--TOPICAL TERM
Topical term or geographic name entry element Liberalization - India
650 ## - SUBJECT ADDED ENTRY--TOPICAL TERM
Topical term or geographic name entry element Bureaucracy - India
650 ## - SUBJECT ADDED ENTRY--TOPICAL TERM
Topical term or geographic name entry element Bureaucracy
773 ## - HOST ITEM ENTRY
Main entry heading Administrator
909 ## -
-- 52647
Holdings
Withdrawn status Lost status Damaged status Not for loan Permanent Location Current Location Date acquired Serial Enumeration / chronology Barcode Date last seen Price effective from Koha item type
        Indian Institute of Public Administration Indian Institute of Public Administration 2018-07-19 Volume no: 44, Issue no: 1 AR53077 2018-07-19 2018-07-19 Articles

Powered by Koha